书目信息 |
| 题名: |
中国建筑常识
|
|
| 作者: | 林徽因, , 梁思成, 著 | |
| 分册: | ||
| 出版信息: | 青岛 青岛出版社 2025.03 |
|
| 页数: | 361页 | |
| 开本: | 23cm | |
| 丛书名: | 大家常识读本 | |
| 单 册: | ||
| 中图分类: | TU-862 | |
| 科图分类: | ||
| 主题词: | 建筑艺术--jian zhu yi shu--中国--普及读物 | |
| 电子资源: | ||
| ISBN: | 978-7-5736-2875-6 | |
| 000 | 01285nam 2200277 450 | |
| 001 | 91747 | |
| 005 | 20250817135035.30 | |
| 010 | @a978-7-5736-2875-6@dCNY78.00 | |
| 100 | @a20250506d2025 em y0chiy50 ea | |
| 101 | 0 | @achi |
| 102 | @aCN@b370000 | |
| 105 | @aa z 000yy | |
| 106 | @ar | |
| 200 | 1 | @a中国建筑常识@Azhong guo jian zhu chang shi@f林徽因, 梁思成著 |
| 210 | @a青岛@c青岛出版社@d2025.03 | |
| 215 | @a361页@c图@d23cm | |
| 225 | 2 | @a大家常识读本@Ada jia chang shi du ben |
| 314 | @a林徽因 (1904-1955), 原名徽音, 诗人、作家, 中国现代第一位女建筑师。梁思成 (1901-1972), 祖籍广东新余, 生于日本东京, 毕生效力于中国古代建筑的研究和保护, 是建筑历史学家、建筑教育家和建筑师。 | |
| 330 | @a本书从“中国建筑之特征”“中国建筑发展的历史阶段”“宋、辽、金之都市宫殿”“我们的首都”“云冈石窟中所表现出的北魏建筑”“晋汾古建筑预查纪略”“北京 —— 都市计划的无比杰作”等章节, 将专业的建筑知识、美学思想熔铸于散文式的讲述之中, 让读者对中国古代建筑历史、文化、风格演变有更多的了解。 | |
| 410 | 0 | @12001 @a大家常识读本 |
| 606 | 0 | @a建筑艺术@Ajian zhu yi shu@y中国@j普及读物 |
| 690 | @aTU-862@v5 | |
| 701 | 0 | @a林徽因,@Alin hui yin@f1904-1955@4著 |
| 701 | 0 | @a梁思成,@Aliang si cheng@f1901-1972@4著 |
| 801 | 0 | @aCN@c20250909 |
| 905 | @a河南城建学院图书馆@dTU-862@eL500@f1 | |
| 中国建筑常识/林徽因, 梁思成著.-青岛:青岛出版社,2025.03 |
| 361页:图;23cm.-(大家常识读本) |
| ISBN 978-7-5736-2875-6:CNY78.00 |
| 本书从“中国建筑之特征”“中国建筑发展的历史阶段”“宋、辽、金之都市宫殿”“我们的首都”“云冈石窟中所表现出的北魏建筑”“晋汾古建筑预查纪略”“北京 —— 都市计划的无比杰作”等章节, 将专业的建筑知识、美学思想熔铸于散文式的讲述之中, 让读者对中国古代建筑历史、文化、风格演变有更多的了解。 |
| ● |
| 相关链接 |
|
|
|
正题名:中国建筑常识
索取号:TU-862/L500
 
预约/预借
| 序号 | 登录号 | 条形码 | 馆藏地/架位号 | 状态 | 备注 |
| 1 | 1625711 | 216257119 | 建筑库101/101建筑库 20排3列1层/ [索取号:TU-862/L500] | 在馆 |